Breaking the academic lock step ; the development of honors work in American colleges and universities /

Bibliographic Details
Main Author: Aydelotte, Frank, 1880-1956
Format: Book
Language:English
Published: New York and London : Harper & brothers, [1944]
Subjects:

MARC

Tag First Indicator Second Indicator Subfields
LEADER 00000cam a2200000 4500
001 in00000073351
005 20151008052528.0
008 741230s1944 nyu 00000 eng
010 |a  44002475  
035 |a (OCoLC)01125100 
035 |9 AAH3748AM 
040 |c OTC  |d TXA  |d UtOrBLW 
049 |a TXAM  |c [129501] 
050 0 0 |a LB2364  |b .A78 
082 0 |a 378.73 
092 |a 378.73  |b A975b 
100 1 |a Aydelotte, Frank,  |d 1880-1956. 
245 1 0 |a Breaking the academic lock step ;  |b the development of honors work in American colleges and universities /  |c by Frank Aydelotte. 
264 1 |a New York and London :  |b Harper & brothers,  |c [1944] 
300 |a xiii, 183 pages ;  |c 21 cm. 
336 |a text  |b txt  |2 rdacontent 
337 |a unmediated  |b n  |2 rdamedia 
338 |a volume  |b nc  |2 rdacarrier 
500 |a "First edition." 
650 0 |a Universities and colleges  |x Honors courses. 
999 |a MARS 
999 f f |s eb5d7d2e-3fa7-3650-bd6f-6e8dc7694bef  |i 50eae3a0-103f-34e5-aa79-8c9451912378  |t 0 
952 f f |p normal  |a Texas A&M University  |b College Station  |c Sterling C. Evans Library  |d Evans: Library Stacks  |t 0  |e LB2364 .A78  |h Library of Congress classification  |i unmediated -- volume  |m A14800864231 
998 f f |a LB2364 .A78  |t 0  |l Evans: Library Stacks